000 00878nam a22002055i 4500
001 156876
003 ES-MaACL
005 20230906210523.0
008 990120s1888 ag a |||| | spa d
040 _aCCPB | B
_bspa
_cCCPB | B
100 1 _aLafone Quevedo, Samuel A.
_969503
245 1 0 _aLóndres [sic] y Catamarca
_b: cartas á ¨La Nacion¨ : 1883-84 y 85 /
_cpor Samuel A. Lafone y Quevedo ; (con apéndices y un mapa histórico).
260 _aBuenos Aires :
_bImprenta y Librería de Mayo,
_c1888.
300 _aXV, 407, [1] p., [1] h. de lám, [1] h. pleg. de lám., [1] h. pleg. de map. ;
_c20 cm.
597 _aAntep.
597 _aPort. con esc. xil. de la ciudad de S. Fernando de Catamarca.
651 _aLondres (Argentina)-
_xDescripción.
_9137248
651 _aCatamarca (Argentina)-
_xDescripción.
_9137088
852 _aES-MaACL
_jG-7596
_z-- Enc. pasta
999 _c156876
_d156876